| 000 | 00000nas 2200000za 4500 |
| 001 | 9.501979 |
| 003 | CaOODSP |
| 005 | 20220120101301 |
| 007 | cr ||||||||||| |
| 008 | 150406c20009999onc x m|o||||f0 |0fre| |
| 022 | |a2562-0746 |
| 040 | |aCaOODSP|bfre |
| 043 | |an-cn--- |
| 086 | 1 |aFo123-2F-PDF |
| 110 | 1 |aCanada.|bRessources naturelles Canada. |bService canadien des forêts. |
| 222 | 0|aRapport d'information |b(Centre de foresterie des Grands Lacs. En ligne) |
| 245 | 10|aRapport d'information |h[ressource électronique] |
| 260 | |aSault Ste. Marie (Ontario) : |bRessources naturelles Canada, Service canadien des forêts, Centre de foresterie des Grands Lacs,|c2000- |
| 310 | |aIrrégulier |
| 775 | 08|tWitamakêwi tipacimuwin|w(CaOODSP)9.832365 |
| 775 | 08|tInformation report |w(CaOODSP)9.505580 |
| 775 | 08|tWiindamaagewin ozhibii'igewin|w(CaOODSP)9.830650 |
| 776 | 0#|tRapport d'information. Série GLC-X / |w(CaOODSP)9.513866 |